Strategies for governing reinventing public administration for a dangerous century
Saved in:
| Main Author: | |
|---|---|
| Format: | Book |
| Language: | English |
| Published: |
Cornell University Press
2019
|
| Tags: |
Add Tag
No Tags, Be the first to tag this record!
|
MARC
| LEADER | 00000nam a22000007a 4500 | ||
|---|---|---|---|
| 008 | 230124b |||||||| |||| 00| 0 eng d | ||
| 020 | |a 9781501747113 | ||
| 100 | |a ROBERTS, Alasdair | ||
| 245 | |a Strategies for governing |b reinventing public administration for a dangerous century |c Alasdair Roberts |g viii,197p | ||
| 260 | |b Cornell University Press |c 2019 |h New York |i 699810 |i 699811 |l JF1351 .R54 |m Public Administration | ||
| 500 | |a Includes bibliographical references and index. | ||
| 942 | |a lcc |c BK |e Johnson |f 24/01/23 | ||
| 952 | |0 0 |1 0 |2 lcc |4 0 |6 JF1351 R54 |7 0 |9 4185 |a SSL |b HOL |c GJ |d 2023-01-24 |l 0 |o JF1351 .R54 |p 2023-0115 |r 2023-01-24 00:00:00 |t 699810 |w 2023-01-24 |y BK | ||
| 952 | |0 0 |1 0 |2 lcc |4 0 |6 JF1351 R54 |7 0 |9 4186 |a HOL |b HOL |c GJ |d 2023-01-24 |l 0 |o JF1351 .R54 |p 2023-0116 |r 2023-01-24 00:00:00 |t 699811 |w 2023-01-24 |y BK | ||
| 999 | |c 2097 |d 2097 | ||